Applied analysis : proceedings of a conference on applied analysis, April 19-21, 1996, Baton Rouge, Louisiana

Αποθηκεύτηκε σε:
Λεπτομέρειες βιβλιογραφικής εγγραφής
Συγγραφή απο Οργανισμό/Αρχή: American Mathematical Society
Άλλοι συγγραφείς: Dorroh, J. Robert (James Robert) 1937- (Επιμελητής έκδοσης)
Μορφή: Βιβλίο
Γλώσσα:English
Δημοσίευση: Providence, R.I. : American Mathematical Society, c1999
Σειρά:Contemporary mathematics (American Mathematical Society) ; ; 221
Θέματα:
Ετικέτες: Προσθήκη ετικέτας
Δεν υπάρχουν, Καταχωρήστε ετικέτα πρώτοι!

MARC

LEADER 00000nam a2200000 i 4500
001 1/90271
008 990922s1999 eng d
020 |a 0-8218-0673-4 
035 |l 10053036 
040 |a GR-MY-UA  |b gre  |e aacr 
041 0 |a eng 
082 0 |a 515 
245 1 0 |a Applied analysis :  |b proceedings of a conference on applied analysis, April 19-21, 1996, Baton Rouge, Louisiana /  |c J. Robert Dorroh ... [et al.], editors 
260 |a Providence, R.I. :   |b American Mathematical Society,   |c c1999 
300 |a ix, 284 p.;  |b ill.;  |c 26 cm. 
490 1 |a Contemporary mathematics  |v ; 221 
500 |a Papers presented at sessions of the Southeastern Regional Meeting of the American Mathematical Society. 
500 |a Includes bibliographical references 
650 0 0 |a Mathematical analysis  |x Congresses. 
700 1 |a Dorroh, J. Robert  |q (James Robert)  |d 1937-  |4 edt 
710 2 |a American Mathematical Society. 
830 0 |a Contemporary mathematics (American Mathematical Society) ;  |v ; 221 
852 |a INST  |b SAMOS  |e 19990922  |h 515 APP  |p 005300012221  |q 005300012221  |t BK  |y 0 
901 |a BIBL3-1999-3 
909 |a Σ  |b 063476 
922 |a 3ΕΛΗ  |b 199907  |c ΕΠΕΑΕΚ/ΜΑΘ  |d ΠΑΠΑΣΩΤΗΡΙΟΥ 
970 |a ΠΟΥΡΝΑΡΑΣ  |b ΔΗΜΗΤΡΗΣ  |z 1999/09/22